Find The Letters II Quiz Stats

 Plays Quiz not verified by Sporcle

Challenge
Share
Tweet
Embed
Score 0/27 Timer 20:00
0 Plays Today
Clue % Correct
360 D in a CDegrees in a Circle
66%
666 S of the DSign of the Devil
48.9%
100 YWYears War
40.4%
29 D in F (in a LY)Days in February (in a Leap Year)
29.8%
1969 FM on the M (NA)First Man on the Moon (Neil Armstrong)
23.4%
5 S on a PSides on a Pentagon
23.4%
7 DSDeadly Sins
23.4%
20 T in the EPLTeams in the English Premier League
19.1%
7 S a S (12 D of C)Swans a Swimming (Days of Christmas)
17%
1666 GF of LGreat Fire of London
14.9%
13 UFSUnlucky For Some
12.8%
3 LPLittle Pigs
12.8%
10 DSDowning Street
10.6%
40 LBALife Begins At
8.5%
Clue % Correct
4 S on a MBStations on a Monopoly Board
8.5%
76 T in the BPTrombones in the Big Parade
8.5%
3 W on MWWheels on My Wagon
8.5%
5 T on EFToes on Each Foot
6.4%
4 TT (D,L,TW,P)TeleTubbies (Dipsy,LaLa,Tinky Winky,Po)
6.4%
100 YO (TF the Q)Years Old (Telegram From the Queen)
6.4%
19 AA of ASK in the VWAverage Age of American Soldiers Killed in Vietnam War
6.4%
0 OF a D in COut For a Duck in Cricket
6.4%
8 BB in PBlack Ball in Pool
6.4%
2 LB (RH)Little Boys (Rolf Harris)
4.3%
7 S on a FPPSides on a Fifty Pence Piece
4.3%
70 TS and TThree Score and Ten
2.1%
11 D in a MPNDigits in a Mobile Phone Number
2.1%

You're not logged in!

Compare scores with friends on all Sporcle quizzes.
Join for Free
OR
Log In

You Might Also Like...

Show Comments

Extras

Created Apr 4, 2010ReportNominate
Tags:Letter Quiz

Top Quizzes Today


Score Distribution

Your Account Isn't Verified!

In order to create a playlist on Sporcle, you need to verify the email address you used during registration. Go to your Sporcle Settings to finish the process.

Report this User

Report this user for behavior that violates our Community Guidelines.

Details: